000 00572nam a2200229Ia 4500
001 49710
005 20240114004002.0
007 ta
008 090529s g b000 u 465 u
040 _aCotton College,Assam
041 _a465
082 _a070
_bJOL
100 _aJolly, Julius .
245 0 _aJournal of Indian History: Visvarupa /
_cJulius Jolly.
_hTextual Documents
260 _aSn :
_bSl ,
_cnd.
300 _a144p ;
_c23 cm.
653 _aJournals
653 _aBV-History
942 _2ddc
_cBK
999 _c49675
_d49675